000 00814cam a22002172 4500
001 0000003145
005 20151217151916.0
008 070430s xx 000 0 eng d
020 _a1403901406 :
_cKES 8,125
040 _aKABU
_cKABU
050 0 _aHM851
_b.K36
100 1 _aKambayashi, Norio.
_@0000152817
245 1 0 _aCultural influences on IT use :
_ba UK-Japanese comparison /
_cNorio Kambayashi; foreword by Harry scarbrough.
260 _aHoundmills, Basingstoke, Hampshire ;
_aNew York :
_bPalgrave Macmillan,
_c2003.
300 _axvii, 242 p. ;
_c23 cm.
650 0 _aInformation technology
_xSocial aspects
_zGreat Britain.
_@0000152818
650 0 _aInformation technology
_xSocial aspects
_zJapan.
_@0000152819
908 _a070430
950 _@1
999 _c6250
_d6250